Mikrocensus 1992
Spôsob výberu 0,5 perc. z celkového počtu bytov v ČR v r.1992, výberové kroky. Obsah a výsledky zisťovania mikrocenzu 1992 realizovaného v 1. štvrťroku 1993. Údaje o peňažných príjmoch domácností. Zloženie domácností podľa sociálnych skupín a počtu nezaopatrených detí (1988 a 1992), čistý peňažný pr...
Saved in:
| Main Author: | |
|---|---|
| Other Authors: | |
| Format: | Book Chapter |
| Language: | Czech |
| Subjects: | |
| Tags: |
No Tags, Be the first to tag this record!
|
MARC
| LEADER | 00000naa a2200000 4500 | ||
|---|---|---|---|
| 001 | r023697 | ||
| 005 | 20221205091042.2 | ||
| 041 | 0 | |a cze | |
| 044 | |a CZ | ||
| 245 | 1 | 0 | |a Mikrocensus 1992 |c J. Vytlačil, Z. Kuchařová |
| 520 | |a Spôsob výberu 0,5 perc. z celkového počtu bytov v ČR v r.1992, výberové kroky. Obsah a výsledky zisťovania mikrocenzu 1992 realizovaného v 1. štvrťroku 1993. Údaje o peňažných príjmoch domácností. Zloženie domácností podľa sociálnych skupín a počtu nezaopatrených detí (1988 a 1992), čistý peňažný príjem, podiel ma mesačnom príjme v percentách, percento domácností pod životmým minimom. | ||
| 610 | 2 | 0 | |a mikrocenzus |
| 610 | 2 | 0 | |a Česko |
| 610 | 2 | 0 | |a 1993 |
| 610 | 2 | 0 | |a domácnosti |
| 610 | 2 | 0 | |a zisťovanie štatistické |
| 610 | 2 | 0 | |a zisťovanie výberové |
| 610 | 2 | 0 | |a metodika |
| 610 | 2 | 0 | |a demografia |
| 610 | 2 | 0 | |a úroveň životná |
| 610 | 2 | 0 | |a príjmy obyvateľstva |
| 100 | 1 | |a Vytlačil, J. | |
| 700 | 1 | |a Kuchařová, Z. | |